000 00761nam a2200205Ii 4500
003 JO-AjNU
008 230605s9999||||xx |||||||||||||| ||und||
017 _a2014/5/2039
040 _aJO-AjNU
_bara
_erda
_cJO-AjNU
041 _aara
050 1 4 _aDS154.2.K4292 2014
100 3 _aياسين، خير نمر,
_eauthor
_956796
245 0 0 _aجنوبي بلاد الشام : تاريخه وآثاره في العصور البرونزية
264 3 1 _aعمان: وزارة الثقافة، 2014
300 _a260ص
_bيتضمن ببلوغرافيا ص 204-258
336 _atext
_btxt
_2rdacontent
337 _aunmediated
_bn
_2rdamedia
338 _avolume
_bnc
_2rdacarrier
650 4 _aالعصر البرونزي- الاردن- تاريخ قديم
_956797
999 _aA25414
_c28982
_d28982